00696nam a22001817a 450000500170000001000150001702000260003203500140005803700090007208200110008124501130009226000370020527000590024230000200030194200220032199900190034395201520036220250124151214.0 aENG-143566 a9789388468626c300.00 aEN-127098 bDBAD 21a881 aPrateechi:b A Literary Digest of West Indian Languages 2016-17/cEdited by Sitanshu Yashaschandra...[et.al] aNew DelhibSahitya Akademic2018 aRabindra Bhavan, 35, Ferozshah RoadbNew Delhie110001 a276p.c21cm(pb) 2ddccENmPRAh881 c208742d208742 001040708NFICaVPbVPd2025-01-24eDelivery of Books Act Divisiong300.00l0oPRA 881pEN-127098r2025-01-24 00:00:00t1v300.00w2025-01-24yEN